History Quiz

Random History Quiz

HCHS Works of Leonardo da Vinci Quiz Stats

 Plays Quiz not verified by Sporcle

Challenge
Share
Tweet
Score 0/14 Timer 10:00
0 Plays Today
% Correct
Mona Lisa/La Gioconda
98.1%
The Last Supper
96.2%
Vitruvian Man
86.8%
Virgin of the Rocks (Madonna of the Rocks)
71.7%
Annunciation
67.9%
Baptism of Christ
56.6%
Adoration of the Magi
50.9%
% Correct
Lady with an Ermine
48.7%
John the Baptist
45.3%
Madonna of the Carnation
38.6%
Salvator Mundi (The Savior of the World)
34.1%
Tobias and the Angel
32.1%
Virgin and Child with Saint Anne
28.3%
Benois Madonna (Madonna with Child and Flowers)
20.5%

You're not logged in!

Compare scores with friends on all Sporcle quizzes.
Join for Free
OR
Log In

You Might Also Like...

Show Comments

Extras

Created Jun 25, 2015ReportNominate
Tags:leonardo, vinci

Top Quizzes Today


Score Distribution

Your Account Isn't Verified!

In order to create a playlist on Sporcle, you need to verify the email address you used during registration. Go to your Sporcle Settings to finish the process.

Report this User

Report this user for behavior that violates our Community Guidelines.

Details: